| 000 | 01453nam a22003255a 4500 | ||
|---|---|---|---|
| 003 | OSt | ||
| 005 | 20161130143336.0 | ||
| 008 | 161130s2012 ua frb 000 0 ara d | ||
| 015 | _a2012/3627 | ||
| 020 | _a9789770469540 | ||
| 040 |
_aEG-ScBUE _bara _cEG-ScBUE |
||
| 043 |
_af-ua--- _ae-fr--- |
||
| 082 | 0 | 4 |
_a347.05 _bز ي د _222 |
| 100 | 1 | _aزيدان، ياسر عسكر. | |
| 245 | 1 | 0 |
_aدور القضاء في تحريك الدعوى الجنائية والحكم فيها : _bتصدي محكمتي الجنايات والنقض وجرائم الجلسات : دراسة مقارنة بين القانونين المصري والفرنسي / _cياسر عسكر زيدان. |
| 260 |
_aالقاهرة : _bدار النهضة العربية، _c2012. |
||
| 300 |
_a487 ص. ؛ _c24 سم. |
||
| 504 | _aيشتمل على إرجاعات ببليوجرافية. | ||
| 610 | 1 | 7 |
_aمصر. _bمحكمة النقض. _2BUEsh _940940 |
| 610 | 1 | 7 |
_aمصر. _bمحكمة الجنايات. _2BUEsh |
| 610 | 1 | 7 |
_aفرنسا. _bمحكمة الجنايات. _2BUEsh |
| 610 | 1 | 7 |
_aمصر. _bمحكمة النقض. _2BUEsh _940940 |
| 650 | 7 |
_aالدعوى الجنائية _zمصر. _2BUEsh |
|
| 650 | 7 |
_aالدعوى الجنائية _zفرنسا. _2BUEsh |
|
| 650 | 7 |
_aالمحاكم الجنائية _zمصر. _2BUEsh _941159 |
|
| 650 | 7 |
_aالمحاكم الجنائية _zفرنسا. _2BUEsh |
|
| 651 | _2BUEsh | ||
| 653 |
_bLLAAWW _cNovember2016 |
||
| 942 | _2ddc | ||
| 999 |
_c23398 _d23370 |
||